书目信息 |
| 题名: |
政治科学原理
|
|
| 作者: | 邓元时 , 李国安 主编 | |
| 分册: | ||
| 出版信息: | 重庆 重庆大学出版社 2003.06 |
|
| 页数: | 498页 | |
| 开本: | 20cm | |
| 丛书名: | ||
| 单 册: | ||
| 中图分类: | D0 | |
| 科图分类: | ||
| 主题词: | 政治理论 | |
| 电子资源: | ||
| ISBN: | 7-5624-2680-5 | |
| 000 | 00564nam0 2200193 45 | |
| 001 | 0430496742 | |
| 005 | 2004042408281666 | |
| 010 | @a7-5624-2680-5@dCNY 27.00 | |
| 100 | @a20040424d2003 km y0chiy0120 ea | |
| 101 | 0 | @achi |
| 200 | 1 | @a政治科学原理@AZheng Zhi Ke Xue Yuan Li@f邓元时,李国安主编@Fdeng yuan shi,li guo an zhu bian |
| 210 | @a重庆@c重庆大学出版社@d2003.06 | |
| 215 | @a498页@d20cm | |
| 606 | 0 | @a政治理论 |
| 690 | @aD0@v3 | |
| 701 | 0 | @a邓元时@Adeng yuan shi@4主编 |
| 701 | 0 | @a李国安@Ali guo an@4主编 |
| 801 | 0 | @aCN@bPFT@c20040424 |
| 905 | @dD0@eD330 | |
| 政治科学原理/邓元时,李国安主编.-重庆:重庆大学出版社,2003.06 |
| 498页;20cm |
| ISBN 7-5624-2680-5:CNY 27.00 |
| ● |
| 相关链接 |
|
|
|
正题名:政治科学原理
索取号:D0/D330
 
预约/预借
| 序号 | 登录号 | 条形码 | 馆藏地/架位号 | 状态 | 备注 |
| 1 | 427154 | 204271545 | 社科库509/509社科库 66排8列2层/ [索取号:D0/D330] | 在馆 | |
| 2 | 427155 | 204271554 | 社科库509/509社科库 66排8列2层/ [索取号:D0/D330] | 在馆 |